| 000 | 00872pam a2200289 i 4500 | ||
|---|---|---|---|
| 001 | 016260673 | ||
| 003 | OSt | ||
| 005 | 20150322104400.0 | ||
| 008 | 130125s2013 enka b 001 0 eng|d | ||
| 020 | _a9780199671830 | ||
| 040 |
_aStDuBDS _beng _cStDuBDS _dUk |
||
| 082 | 0 | 0 |
_a346.4207 _bMAR _222 |
| 100 | 1 |
_aMarson, James. _932706 |
|
| 245 | 1 | 0 |
_aBusiness law / _cJames Marson. |
| 250 | _a3rd ed. | ||
| 260 |
_aOxford : _bOxford University Prees, _cc.2013. |
||
| 300 |
_axliii, 596 p. : _bill. ; _c25 cm. |
||
| 500 | _aIncludes QR codes. | ||
| 500 | _aPrevious edition: 2011. | ||
| 504 | _aIncludes bibliographical references and index. | ||
| 650 | 0 |
_aCommercial law _zEngland. |
|
| 650 | 0 |
_aCommercial law _zWales. |
|
| 653 |
_bBUSADM _cMarch2015 |
||
| 655 |
_vtext book _933728 |
||
| 942 |
_2ddc _k346.4207 MAR |
||
| 999 |
_c19084 _d19056 |
||